Statistieken voor Landen met een letter - EEE+

Klik hier om de quiz te nemen!

Algemene statistieken

  • Deze quiz is 55 keer genomen
  • De gemiddelde score is 9 van 16

Antwoordstatistieken

CategorieLand% Correct
6 x EVerenigde Arabische Emiraten
100%
4 x EVerenigde Staten
91%
3 x ENieuw-Zeeland
82%
4 x ECentraal-Afrikaanse Republiek
73%
5 x ESaint Vincent en de Grenadines
73%
3 x ESeychellen
73%
4 x EBosnië en Herzegovina
64%
4 x EDemocratische Republiek Congo
64%
3 x EDominicaanse Republiek
64%
3 x ELiechtenstein
64%
3 x EDenemarken
55%
3 x EVenezuela
45%
3 x ERoemenië
36%
3 x EPapoea-Nieuw-Guinea
27%
3 x ESierra Leone
18%
3 x ESao Tomé en Principe
9%

Scoreverdeling

Percentiel versus Aantal Correcte Antwoorden

Procent van Mensen met Elke Score

Uw Scoregeschiedenis

U heeft deze quiz nog niet genomen